00605 2200217 4500001002100000005001500021035002000036007000300056008004100059020002200100082000800122084001400130100002600144245004900170260003600219300003100255650001500286856004800301990001900349990001900368INLIS00000000000221920200813105725 a0010-0820002219ta200813 0 ind  a978-602-255-789-0 a510 a510 PRA j0 aPRASETYONO, Dwi Sunar1 aJago Tes Angka & Variasinya Dalam Matematika aYogyakarta :bFlashBooks,c2015 a296 Hal. :bilus. ;c24 cm aMATEMATIKA aDINAS PERPUSTAKAAN DAN KEARSIPAN KOTA MEDAN a55313/PUM/2015 a55314/PUM/2015